000 00976nam a22001937a 4500
999 _c39311
_d39311
020 _a9788192351858
082 _a333.315416
_bASP-
245 _aAspects of Land Policy in Assam:
_bContinuity and Change
_cedited by Dinesh Ch. Baroowa, Priyam Goswami, Shiela, Bora and Sujatha Nayak
260 _aGuwahati:
_bVivekananda Kendra Institute of Culture,
_c2012.
300 _axii, 242p.
520 _a"Aspects of Land Policy in Assam: Continuity and Change" explores the evolution of land policies in Assam, focusing on their historical development, colonial legacies, and contemporary reforms. It examines the dynamics of land ownership, land use, and tenure systems that have shaped the socio-economic and political fabric of the region.
650 _aContinuity and Change
_zAssam
650 _aPolicy Challenges
700 _aBaroowa, Dinesh Ch.
_eEd.
700 _aGoswami, Priyam
_eEd.
700 _aBora, Shiela
_eEd.
700 _aNayak, Sujatha
_eEd.
942 _2ddc
_cBK